| 000 | 00901nam0a22002771 4500 | ||
|---|---|---|---|
| 001 | rc\4291201 | ||
| 005 | 20130416123648.1 | ||
| 021 |
_aRU _b[69-1307] |
||
| 035 | _a(NLR Aleph) 008496303 | ||
| 090 |
_a8080801 _c8080801 |
||
| 100 | _a20130416d1968 |||y0rusy50 ca | ||
| 101 | 0 | _arus | |
| 102 | _aRU | ||
| 105 | _ay d ||||| | ||
| 200 | 1 |
_aЦентральная фигура _eМастер и хоз. реформа |
|
| 210 |
_aМосква _cПолитиздат _d1968 |
||
| 215 |
_a63 с. _d16 |
||
| 225 | 1 | _aЛюди и хозяйственная реформа | |
| 606 |
_aМастер на производстве _2psbo |
||
| 700 | 1 |
_aБрунько _bВ. А. _gВилен Александрович |
|
| 701 | 1 |
_aДиброва _bП. Г. _gПетр Григорьевич |
|
| 801 | 0 |
_aRU _bNLR _gpsbo |
|
| 801 | 1 |
_aRU _bELAR _2rusmarc |
|
| 852 |
_aNLR _j69-2/556 |
||
| 942 | _cBOOK | ||
| 980 | _aNB | ||